000 00262nam a22001097a 4500
082 _a823
_bORI/T
100 _aORIENT LONGMAN
245 _aTWO HOLES FOR TWO CATS
260 _aHYDERABAD
_bORIENT PUBLICATIONS
_c1992
650 _aPASSAGE LEAFLETS
_zINDIA
942 _cBK
999 _c4482
_d4482